Organizacija poiska i obrabotki dannych na osnove sistemy UNISON
Gespeichert in:
| 1. Verfasser: | |
|---|---|
| Format: | Buch |
| Sprache: | Russisch |
| Veröffentlicht: |
Moskva
Energoatomizdat
1986
|
| Schriftenreihe: | Biblioteka po avtomatike
vyp. 659 |
| Tags: |
Keine Tags, Fügen Sie das erste Tag hinzu!
|
MARC
| LEADER | 00000nam a2200000 4500 | ||
|---|---|---|---|
| 001 | c104682 | ||
| 005 | 20041019155132.7 | ||
| 041 | 0 | |a rus | |
| 044 | |a RU | ||
| 245 | 1 | 0 | |a Organizacija poiska i obrabotki dannych na osnove sistemy UNISON |c Boris Tanchumovič Šrejber |
| 264 | 1 | |a Moskva |b Energoatomizdat |c 1986 | |
| 300 | |a 101 s. | ||
| 490 | 1 | |a Biblioteka po avtomatike |v vyp. 659 | |
| 830 | 0 | |a Biblioteka po avtomatike |v vyp. 659 | |
| 100 | 1 | |a Šrejber, Boris Tanchumovič | |